[Event "FRA-ch Blitz Online Qual"]
[Site "Europe Echecs INT"]
[Date "2020.05.16"]
[Round "4"]
[White "Bournel, Antoine"]
[Black "Del Giovane, Fabio"]
[Result "1-0"]
[WhiteElo "2238"]
[BlackElo "1629"]
[PlyCount "73"]
[EventDate "2020.05.16"]
[EventType "swiss (blitz)"]
[EventRounds "15"]
[EventCountry "FRA"]
[SourceTitle "CBM 196 Extra"]
[Source "ChessBase"]
[SourceDate "2020.07.31"]
[SourceVersion "1"]
[SourceVersionDate "2020.07.31"]
[SourceQuality "1"]

1. d4 Nf6 2. Nf3 g6 3. Bg5 Bg7 4. Nbd2 h6 5. Bh4 d6 6. e4 0-0 7. Be2 b6 8. c3 Bb7 9. Qc2 g5 10. Bg3 c5 11. 0-0 Nh5 12. Rfe1 Nxg3 13. hxg3 e5 14. dxe5 dxe5 15. Nc4 Qe7 16. Rad1 Nd7 17. Nd6 Bc6 18. Nf5 Qe6 19. Rd6 Qxa2 20. Rxc6 Rad8 21. Nxh6+ Kh7 22. Nxg5+ Kh8 23. c4 Qa5 24. Ngxf7+ Kh7 25. Ng5+ Kh8 26. Rd1 Bxh6 27. Rxh6+ Kg7 28. Rh7+ Kg6 29. Rhxd7 Rxd7 30. Rxd7 Qa1+ 31. Rd1 Qa5 32. Nf3 Rh8 33. Qd3 Qa6 34. Qd6+ Kg7 35. Qe7+ Kh6 36. Rd6+ Kh5 37. Nh4# 1-0

[Event "FRA-ch Blitz Online Qual"]
[Site "Europe Echecs INT"]
[Date "2020.05.16"]
[Round "9"]
[White "Del Giovane, Fabio"]
[Black "Benayoun, Omri"]
[Result "0-1"]
[WhiteElo "1629"]
[BlackElo "1901"]
[PlyCount "22"]
[EventDate "2020.05.16"]
[EventType "swiss (blitz)"]
[EventRounds "15"]
[EventCountry "FRA"]
[SourceTitle "CBM 196 Extra"]
[Source "ChessBase"]
[SourceDate "2020.07.31"]
[SourceVersion "1"]
[SourceVersionDate "2020.07.31"]
[SourceQuality "1"]

1. e4 c5 2. Nf3 a6 3. c3 d5 4. e5 Bg4 5. h3 Bxf3 6. Qxf3 e6 7. d4 cxd4 8. cxd4 Nc6 9. Qd3 Qb6 10. Be3 Qxb2 11. Qc3 Bb4 0-1

[Event "FRA-ch Blitz Online Qual"]
[Site "Europe Echecs INT"]
[Date "2020.05.16"]
[Round "3"]
[White "Del Giovane, Fabio"]
[Black "Grosse, Ludovic"]
[Result "1-0"]
[WhiteElo "1629"]
[BlackElo "1958"]
[PlyCount "53"]
[EventDate "2020.05.16"]
[EventType "swiss (blitz)"]
[EventRounds "15"]
[EventCountry "FRA"]
[SourceTitle "CBM 196 Extra"]
[Source "ChessBase"]
[SourceDate "2020.07.31"]
[SourceVersion "1"]
[SourceVersionDate "2020.07.31"]
[SourceQuality "1"]

1. e4 c5 2. Nf3 d6 3. Bb5+ Nd7 4. Bxd7+ Bxd7 5. 0-0 Nf6 6. Re1 Qc7 7. c3 Bc6 8. d3 g6 9. Nbd2 Bg7 10. d4 cxd4 11. cxd4 0-0 12. d5 Bd7 13. Nb3 a5 14. Qe2 a4 15. Nbd4 Qb6 16. Be3 Ng4 17. Ne6 Nxe3 18. Nxf8 Kxf8 19. Qxe3 Qxb2 20. Rab1 Qxa2 21. Rxb7 Be8 22. Qg5 f6 23. Qc1 a3 24. Qc7 Bh8 25. Qxe7+ Kg8 26. Qxh7+ Kf8 27. Qxh8# 1-0